Impact of Molecular weight variation among rubber clones on the properties of vulcanized latex films (Record no. 75850)

MARC details
000 -LEADER
fixed length control field 00678nam a22002297a 4500
100 ## - MAIN ENTRY--AUTHOR NAME
Personal name Sengloyluan, K.
245 ## - TITLE STATEMENT
Title Impact of Molecular weight variation among rubber clones on the properties of vulcanized latex films
260 ## - PUBLICATION, DISTRIBUTION, ETC. (IMPRINT)
Name of publisher Advances in Polymer Technology
Year of publication 2025
300 ## - PHYSICAL DESCRIPTION
Other physical details Online
650 ## - SUBJECT ADDED ENTRY--TOPICAL TERM
Topical Term Mechanical properties
650 ## - SUBJECT ADDED ENTRY--TOPICAL TERM
Topical Term Molar mass distribution
650 ## - SUBJECT ADDED ENTRY--TOPICAL TERM
Topical Term Non-rubber compositions
700 ## - ADDED ENTRY--PERSONAL NAME
Personal name Lehman, N.
700 ## - ADDED ENTRY--PERSONAL NAME
Personal name Promsung, R.
700 ## - ADDED ENTRY--PERSONAL NAME
Personal name Keereerak, A.
700 ## - ADDED ENTRY--PERSONAL NAME
Personal name Johns, J.
700 ## - ADDED ENTRY--PERSONAL NAME
Personal name Songtipya, L.
700 ## - ADDED ENTRY--PERSONAL NAME
Personal name Kalkornsurapranee, E.
856 ## - ELECTRONIC LOCATION AND ACCESS
Uniform Resource Identifier https://doi.org/10.1155/adv/4860754
942 ## - ADDED ENTRY ELEMENTS (KOHA)
Koha item type Journals
Holdings
Withdrawn status Lost status Damaged status Not for loan Home library Current library Date acquired Koha item type
        RRII Library RRII Library 05/03/2026 Journals